00548nam a2200145Ia 4500008004100000020002200041100002400063245012200087260005800209300001600267500005000283650002100333650002900354999001900383190920s9999 xx 000 0 und d a978-1-84169-589-1 aNewell, Benjamin R. cNewell, Benjamin R.; Lagnado, David A. ; Shanks, David R..--aStraight choices :bthe psychology of decision making / aNY :bPsychology Press ; Taylor & Francis Groupc2007 a252 pages : aIncludes references, author and subject index aDecision making. aLearning, Psychology of. c362150d362150